000 00801nam a2200217 a 4500
005 20210414090839.0
008 210414s1999 ck |||gr|||| 00| 0 spa d
020 _a9788447012305
040 _aCO-BoUCM
_bspa
_cDeissy Garcia
_dDeissy Garcia
041 0 _aspa
100 1 _aVillar Ezcurra, José Luis
_9103038
245 1 0 _aDerecho administrativo especial
_badministración pública y actividad de los particulares
_cJosé Luis Villar Ezcurra
260 _aMadrid
_bCivitas
_c1999
300 _a435 páginas
490 0 _aTratados y manuales
504 _aIncluye referencias bibliográficas
650 1 _aDerecho administrativo
_zEspaña
_959076
650 1 _aTeoría del Derecho
_zEspaña
_9103039
942 _cLIBRO
_2DEWEY
_a8
_e1
_h342.4606
_mV719d
_n0
999 _c314256
_d314256